Music Quiz - Statistics

General Stats
  • This quiz has been taken 43 times
  • The average score is 4 of 8
Answer Stats
Question Answer % Correct
Who is widely considered as the 'King of Rock and Roll?' Elvis Presley
92%
Name the popular Queen song that consists of multiple styles of songs in one. (Hint: Rock and opera in the same song) Bohemian Rhapsody
87%
In what year was the famous 'Never Gonna Give You Up' song sang by the legendary Rick Astley? 1987
69%
Who died on 25th June, 2009? Michael Jackson
56%
24K is to Bruno, Umbrella is to Rihanna, and the 7 Rings are to whom? Ariana Grande
46%
Which Spice Girls members are married to F1 boss Christian Horner and football legend, David Beckham? (nicknames accepted) Geri Halliwell and Victoria Beckham
18%
As most people are aware, Taylor Swift's, 'The Era's Tour' is in cinemas (as of when this quiz was made). Name the first song from Taylor to top the Billboard Charts. We Are Never Ever Getting Back Together.
8%
Name all the members of the Beatles. John Lennon, Ringo Starr, George Harrison, Paul McCartney
3%
No matching quizzes found
Score Distribution
Percent of People with Each Score
Percentile by Number Answered
Your Score History
You have not taken this quiz